Psychology / (Record no. 144308)

MARC details
000 -LEADER
fixed length control field 00928nam a22002537a 4500
005 - DATE AND TIME OF LATEST TRANSACTION
control field 20180207112914.0
010 ## - LCCN (DPL NO)
LC control number 1718EN-30 ENG-121889
020 ## - INTERNATIONAL STANDARD BOOK NUMBER
International Standard Book Number 9789332579446
Terms of availability 679.00
035 ## - SYSTEM CONTROL NUMBER
System control number EN-105421
035 ## - SYSTEM CONTROL NUMBER
System control number B-684202-207
037 ## - SOURCE OF ACQUISITION
Source of stock number/acquisition BSB
Stock number dpl
037 ## - SOURCE OF ACQUISITION
Source of stock number/acquisition DBAD/PUB
082 ## - DEWEY DECIMAL CLASSIFICATION NUMBER
Classification number 150
100 ## - MAIN ENTRY--PERSONAL NAME
Personal name Ciccarelli, Saundra K.
245 ## - TITLE STATEMENT
Title Psychology /
Statement of responsibility, etc by Saundra K. Ciccarelli [and] J.Noland White
250 ## - EDITION STATEMENT
Edition statement 4th ed
260 ## - PUBLICATION, DISTRIBUTION, ETC. (IMPRINT)
Date of publication, distribution, etc 2017
Place of publication, distribution, etc Noida
Name of publisher, distributor, etc Pearson India
270 ## - ADDRESS
Address 15th Floor,, Tower-B, World Trade, Plot No.1, Block-C, Sector-16,
City Noida
Postal code 201301
300 ## - PHYSICAL DESCRIPTION
Dimensions 25cm(pbk)
Extent 784p. :
Other physical details ill.
500 ## - GENERAL NOTE
General note Includes bibliographical references and index
700 ## - ADDED ENTRY--PERSONAL NAME
Personal name White, J.Noland
942 ## - ADDED ENTRY ELEMENTS (KOHA)
Item type English Books
Source of classification or shelving scheme Dewey Decimal Classification
Call number suffix CIC
Classification part 150
Holdings
Withdrawn status Lost status Not for loan Collection code Home library Current library Date acquired Source of acquisition Cost, normal purchase price Full call number Barcode Copy number Cost, replacement price Koha item type
      Non-fiction Ashok Vihar Ashok Vihar 14/12/2017 DBAD/PUB 650.00 150 CIC EN-105421 1 650.00 English Books
      Non-fiction Ashok Vihar Ashok Vihar 07/02/2018 BSB/299/1.12.2017/BPPB/EN/2017-18/641/20.11.17/14.12.2017 679.00 150 CIC B-684203 1 679.00 English Books
      Non-fiction Bawana Bawana 07/02/2018 BSB/299/1.12.2017/BPPB/EN/2017-18/641/20.11.17/14.12.2017 679.00 150 CIC B-684207 1 679.00 English Books
      Non-fiction Janak Puri Janak Puri 07/02/2018 BSB/299/1.12.2017/BPPB/EN/2017-18/641/20.11.17/14.12.2017 679.00 150 CIC B-684205 1 679.00 English Books
      Non-fiction Narela Narela 07/02/2018 BSB/299/1.12.2017/BPPB/EN/2017-18/641/20.11.17/14.12.2017 679.00 150 CIC B-684206 1 679.00 English Books
      Non-fiction Patel Nagar Patel Nagar 07/02/2018 BSB/299/1.12.2017/BPPB/EN/2017-18/641/20.11.17/14.12.2017 679.00 150 CIC B-684204 1 679.00 English Books
      Non-fiction Shahdara Branch Shahdara Branch 07/02/2018 BSB/299/1.12.2017/BPPB/EN/2017-18/641/20.11.17/14.12.2017 679.00 150 CIC B-684202 1 679.00 English Books

© Delhi Public Library
Hit Counter
free hit counter